000 00896nam a2200217 a 4500
001 56250
003 BD-RjUL
005 20211209080355.0
008 161127s1967 ii ||||| |||| 00| 0 ben d
035 _a(BD-RjUL)56374
040 _aBD-RjUL
_bben
_cBD-RjUL
_dBD-RjUL
041 _aben
082 _223
_a891.44109
_bTHK 1967
100 _aঠাকুর, সৌম্যেন্দ্রনাথ
_9167337
245 1 0 _aকালিদাসের কাব্যে ফুল /
_cসৌম্যেন্দ্রনাথ ঠাকুর,
260 _aকলিকাতা :
_bবুকল্যান্ড প্রাইভেট,
_c১৯৬৭?
300 _a১১২ পৃ. ;
_c২৩ সেমি.
650 _aবাংলা কবিতা
_9167338
_vইতিহাস ও সমালোচনা
650 _aBengali Poetry
_9167339
_vHistory and Criticism
942 _2ddc
_cBK
999 _c56250
_d56250